000 00559pab a2200193 454500
008 180718b2013 xxu||||| |||| 00| 0 eng d
100 _aKimeldorf, Howard
245 _aWorker replacement costs and unionization origins of the U.S. labor movement
260 _c2013
300 _ap.1033-1062.
362 _aDec
650 _aLabour movements - United States
650 _aTrade unions - Unites States
650 _aWorkers - Unites States
650 _aLabour movements
773 _aAmerican Sociologocal Review
908 _aN
909 _a104078
999 _c104074
_d104074